Statystyki dla Europa: Najbardziej wartościowy piłkarz z danego kraju

Kliknij tutaj aby rozwiązać quiz!

Ogólne statystyki

  • Ten quiz został rozwiązany 15 razy
    (7 od ostatniego zresetowania)
  • Średni wynik to 16 z 55

Statystyki odpowiedzi

NarodowośćPozycjaKlubWiekWartośćPiłkarz% Poprawnych
AustriaŚrodkowy obrońcaReal Madryt3140,00 mln €David Alaba
100%
AngliaPrawy napastnik | Środkowy pomocnikArsenal Londyn | Real Madryt21 | 20120,00 mln €Bukayo Saka | Jude Bellingham
86%
ChorwacjaŚrodkowy pomocnikManchester City2938,00 mln €Mateo Kovacic
86%
BelgiaBramkarzReal Madryt3145,00 mln €Thibaut Courtois
86%
CzechyDefensywny pomocnikWest Ham United2835,00 mln €Tomas Soucek
86%
NorwegiaŚrodkowy napastnikManchester City22180,00 mln €Erling Haaland
71%
HolandiaŚrodkowy pomocnikFC Barcelona2675,00 mln €Frenkie de Jong
71%
NiemcyOfensywny pomocnikBayern Monachium20110,00 mln €Jamal Musiala
71%
FrancjaŚrodkowy napastnikFC Paris Saint-Germain24180,00 mln €Kylian Mbappe
71%
PolskaOfensywny pomocnikSSC Napoli2935,00 mln €Piotr Zieliński
71%
HiszpaniaDefensywny pomocnik | Środkowy pomocnik
Manchester City |
FC Barcelona
27 | 1890,00 mln €Rodri | Gavi
71%
SzwecjaŚrodkowy napastnikNewcastle United2370,00 mln €Alexander Isak
57%
WłochyŚrodkowy pomocnikInter Mediolan2675,00 mln €Nicolo Barella
57%
DaniaŚrodkowy pomocnikTottenham Hotspur2745,00 mln €Pierre-Emile Hojbjerg
57%
PortugaliaLewy napastnikAC Milan2490,00 mln €Rafael Leao
57%
WęgryOfensywny pomocnikLiverpool FC2250,00 mln €Dominik Szoboszlai
43%
SerbiaŚrodkowy napastnikJuventus Turyn2370,00 mln €Dusan Vlahovic
43%
TurcjaŚrodkowy pomocnikInter Mediolan2940,00 mln €Hakan Calhanoglu
43%
SzwajcariaLewy obrońcaManchester City2940,00 mln €Manuel Akanji
43%
UkrainaLewy napastnikChelsea Londyn2250,00 mln €Mykhaylo Mudryk
43%
SzkocjaŚrodkowy obrońcaLiverpool FC2738,00 mln €Andrew Robertson
29%
Macedonia PółnocnaŚrodkowy pomocnikSSC Napoli2326,00 mln €Eljif Elmas
29%
IrlandiaŚrodkowy napastnikBrighton Hove & Albion1830,00 mln €Evan Ferguson
29%
GruzjaLewy napastnikSSC Napoli2285,00 mln €Khvicha Kvaratskhelia
29%
GrecjaLewy obrońcaLiverpool FC2718,00 mln €Konstantinos Tsimikas
29%
SłowacjaŚrodkowy obrońcaFC Paris Saint-Germain2850,00 mln €Milan Skriniar
29%
KosowoŚrodkowy obrońcaSSC Napoli2925,00 mln €Amir Rrahmani
14%
SłoweniaŚrodkowy napastnikRB Lipsk2024,00 mln €Benjamin Sesko
14%
WaliaOfensywny pomocnikNottingham Forest2238,00 mln €Brennan Johnson
14%
FinlandiaDefensywny pomocnikGlasgow Rangers275,50 mln €Glen Kamara
14%
AlbaniaDefensywny pomocnikInter Mediolan2112,00 mln €Kristjan Asllani
14%
IzraelLewy napastnikTottenham Hotspur2318,00 mln €Manor Solomon
14%
CzarnogóraPrawy obrońcaLazio Rzym308,00 mln €Adam Marusic
0%
Bośnia i HercegowinaŚrodkowy obrońcaSheffield United2420,00 mln €Anel Ahmedhodzic
0%
KazachstanOfensywny pomocnikCSKA Moskwa256,00 mln €Bakhtiyor Zaynutdinov
0%
ArmeniaOfensywny pomocnikFK Krasnodar2312,00 mln €Eduard Spertsyan
0%
Wyspy OwczePrawy obrońcaVelje Boldklub30350 tyś. €Gilli Sorensen
0%
LitwaŚrodkowy pomocnikTorino FC19900 tyś. €Gvidas Gineitis
0%
IslandiaOfensywny pomocnikFC Kopenhaga206,00 mln €Hakon Arnar Haraldsson
0%
AndoraBramkarzVillareal CF B21500 tyś. €Iker Alvarez
0%
EstoniaBramkarzArsenal FC U21211,50 mln €Karl Hein
0%
BułgariaPrawy napastnikŁudogorec Razgrad264,50 mln €Kiril Despodov
0%
LiechtensteinŚrodkowy obrońcaFC Vaduz23250 tyś. €Lars Traber
0%
LuksemburgŚrodkowy pomocnik1.FSV Mainz 052314,00 mln €Leandro Barreiro
0%
BiałoruśŚrodkowy pomocnikFC Astana231,20 mln €Maks Ebong
0%
RosjaBramkarzFK Krasnodar2416,00 mln €Matvey Safonov
0%
San MarinoŚrodkowy napastnikOlbia Calcio 190523150 tyś. €Nicola Nanni
0%
MołdawiaLewy obrońcaOlympiakos Pireus254,00 mln €Oleg Reabciuk
0%
Irlandia PółnocnaŚrodkowy obrońcaFC Middlesbrough284,50 mln €Paddy McNair
0%
RumuniaŚrodkowy obrońcaGenoa CFC218,00 mln €Radu Dragusin
0%
ŁotwaŚrodkowy napastnikSpezia Calcio212,50 mln €Raimonds Krollis
0%
AzerbejdżanŚrodkowy napastnikGrasshopper Club Zurych241,60 mln €Renat Dadashov
0%
CyprŚrodkowy obrońcaRSC Charleroi202,00 mln €Stelios Andreou
0%
MaltaŚrodkowy pomocnikStade Reims295,00 mln €Teddy Teuma
0%
GibraltarŚrodkowy napastnikWycombe Wanderers23175 tyś. €Tjay De Barr
0%

Rozkład punktacji

Percentyl według liczby udzielonych odpowiedzi

Procent ludzi z każdym wynikiem

Twoja historia wyników

Nie rozwiązałeś tego quizu od ostatniego zresetowania